| 000 | 00934nam a2200229 u 4500 | ||
|---|---|---|---|
| 005 | 20250301063806.0 | ||
| 008 | 180622s2017 mx r 000 0 spa d | ||
| 020 | _a9788491694250 | ||
| 035 | _aUPN01000225716 | ||
| 049 | _aC | ||
| 050 | 4 |
_aK3250 _bM4.5 |
|
| 110 | 1 |
_aMéxico. _t[Ley General de Acceso de las Mujeres a una Vida Libre de Violencia] _942148 |
|
| 245 | 1 | 0 |
_aLey general de acceso de las mujeres a una vida libre de violencia : _bnueva ley publicada en el Diario Oicial de la Federación el 1 de febrero de 2007 : reglamento de la Ley General de Acceso de las Mujeres a una vida libre de violencia |
| 260 |
_aCiudad de México : _bINMUJERES, _c2017. |
||
| 300 | _a96 p. | ||
| 500 | _a"Incluye el reglamento" | ||
| 650 | 4 |
_aVIOLENCIA CONTRA LAS MUJERES - _zMEXICO - _xPREVENCION _919454 |
|
| 650 | 4 |
_aIgualdad ante la ley _914260 |
|
| 610 | 1 | 4 |
_aMEXICO. _kLEYES, DECRETOS, ETC. |
| 905 | _aLibro | ||
| 999 |
_c197812 _d197812 |
||